| 000 | 01317nam a2200301 i 4500 | ||
|---|---|---|---|
| 003 | EG-ScBUE | ||
| 005 | 20230918112412.0 | ||
| 008 | 110810s2003 ua f b 00010 ara d | ||
| 017 | _a2002 / 20619 | ||
| 020 | _a9773440478 | ||
| 040 |
_aEG-ScBUE _bara _erda _cEG-ScBUE _dEG-ScBUE |
||
| 082 | 0 | 4 |
_222 _a909.097 _bإ ب ر |
| 100 | 1 |
_926611 _aإبراهيم، رجب عبد الجواد، _eمؤلف. |
|
| 245 | 1 | 0 |
_aألفاظ الحضارة في القرن الرابع الهجري : _bدراسة في ضوء مروج الذهب للمسعودي / _cالدكتور رجب عبد الجواد إبراهيم. |
| 250 | _aالطبعة الأولى. | ||
| 264 | 1 |
_aالقاهرة : _bدار الآفاق العربية، _c2003. |
|
| 300 |
_a399 صفحة ؛ _c24 سم |
||
| 336 |
_2rdacontent _aنص _btxt |
||
| 337 |
_2rdamedia _aبدون وسيط _bn |
||
| 338 |
_2rdacarrier _aمجلد _bnc |
||
| 504 | _aيشتمل على إرجاعات ببليوجرافية وكشاف. | ||
| 650 | 7 |
_926612 _aالحضارة الإسلامية _xمصطلحات. _2BUEsh |
|
| 650 | 7 |
_926613 _aالحضارة العربية _xمصطلحات. _2BUEsh |
|
| 650 | 7 |
_926615 _aالدول العربية _xتاريخ _yالعصر العباسي _vمصطلحات. _2BUEsh |
|
| 653 | _cAugust2011 | ||
| 655 | _vReading book | ||
| 942 |
_2ddc _cBB |
||
| 999 |
_c15796 _d15796 |
||